The Bijak of Kabir / (Record no. 27302)

MARC details
000 -LEADER
fixed length control field 01096nam a2200289 a 4500
005 - DATE AND TIME OF LATEST TRANSACTION
control field 2009060600520.0
008 - FIXED-LENGTH DATA ELEMENTS--GENERAL INFORMATION
fixed length control field 010625s2002 enk b 001 0 eng
010 ## - LCCN (DPL NO)
LC control number ENG-93934
020 ## - INTERNATIONAL STANDARD BOOK NUMBER
Terms of availability 110.00
035 ## - SYSTEM CONTROL NUMBER
System control number EN-77467
037 ## - SOURCE OF ACQUISITION
Source of stock number/acquisition DBAD / PUB
040 ## - CATALOGING SOURCE
Original cataloging agency dpl
Language of cataloging English
082 ## - DEWEY DECIMAL CLASSIFICATION NUMBER
Classification number 821
100 ## - MAIN ENTRY--PERSONAL NAME
Personal name Kabir
240 ## - UNIFORM TITLE
Uniform title <a href="Bījaka.">Bījaka.</a>
Language of a work English
245 ## - TITLE STATEMENT
Title The Bijak of Kabir /
Statement of responsibility, etc translated by Lakhi N. Paryani
260 ## - PUBLICATION, DISTRIBUTION, ETC. (IMPRINT)
Place of publication, distribution, etc Allahabad
Name of publisher, distributor, etc Kabir Parakh Sansthan
Date of publication, distribution, etc 2005
270 ## - ADDRESS
Address Sant Kabir Road, Pritam Nagar,
City Allahabad
Postal code 211001
300 ## - PHYSICAL DESCRIPTION
Extent xliii, 252p.
Dimensions 22cm(Hb)
500 ## - GENERAL NOTE
General note Originally published: San Francisco: North Point Press
600 ## - SUBJECT ADDED ENTRY--PERSONAL NAME
Personal name Kabir, 15th cent
General subdivision Criticism and interpretation
650 ## - SUBJECT ADDED ENTRY--TOPICAL TERM
Topical term or geographic name as entry element Hindi poetry
General subdivision Translation into English
700 ## - ADDED ENTRY--PERSONAL NAME
Personal name Lakhi N.Paryani
856 ## - ELECTRONIC LOCATION AND ACCESS
Materials specified Publisher description
Uniform Resource Identifier <a href="http://www.loc.gov/catdir/enhancements/fy0612/2001045168-d.html">http://www.loc.gov/catdir/enhancements/fy0612/2001045168-d.html</a>
942 ## - ADDED ENTRY ELEMENTS (KOHA)
Source of classification or shelving scheme Dewey Decimal Classification
Item type English Books
Classification part 821
Call number suffix KAB
Holdings
Withdrawn status Lost status Source of classification or shelving scheme Damaged status Not for loan Home library Current library Date acquired Source of acquisition Cost, normal purchase price Total Checkouts Full call number Barcode Date last seen Copy number Cost, replacement price Koha item type
    Dewey Decimal Classification   Not For Loan D.B.Act.Division D.B.Act.Division 06/06/2009 DBAD / PUB 110.00   821 KAB EN-77467 06/06/2009 1 110.00 English Books

© Delhi Public Library
Hit Counter
free hit counter